"Dual-Powered Mobile Smart Bin System With Full Capacity Locking Control Notification For URS-Morong " (Record no. 85977)
[ view plain ]
| 000 -LEADER | |
|---|---|
| fixed length control field | 04037nam a22002657a 4500 |
| 003 - CONTROL NUMBER IDENTIFIER | |
| control field | URS |
| 005 - DATE AND TIME OF LATEST TRANSACTION | |
| control field | 20251022111117.0 |
| 008 - FIXED-LENGTH DATA ELEMENTS--GENERAL INFORMATION | |
| fixed length control field | 250908b ||||| |||| 00| 0 eng d |
| 040 ## - CATALOGING SOURCE | |
| Transcribing agency | URS |
| 245 ## - TITLE STATEMENT | |
| Title | "Dual-Powered Mobile Smart Bin System With Full Capacity Locking Control Notification For URS-Morong " |
| Remainder of title | Aldwin D. Lucenesio... et al ... |
| 260 ## - PUBLICATION, DISTRIBUTION, ETC. | |
| Date of publication, distribution, etc. | December 2024 |
| 300 ## - PHYSICAL DESCRIPTION | |
| Extent | 93 pages.,; |
| Other physical details | illustrations, |
| Dimensions | 28cm. |
| 336 ## - CONTENT TYPE | |
| Source | rdacontent |
| Content type term | text |
| 337 ## - MEDIA TYPE | |
| Source | rdamedai |
| Media type term | unmediated |
| 338 ## - CARRIER TYPE | |
| Source | rdacarrier |
| Carrier type term | volume |
| 502 ## - DISSERTATION NOTE | |
| Dissertation note | Thesis |
| Degree type | College of Engineering |
| Name of granting institution | University of Rizal System-Morong |
| Year degree granted | 2024 |
| 520 ## - SUMMARY, ETC. | |
| Summary, etc. | This study aimed to develop and evaluate the "Dual-Powered Mobile Smart Bin System with Full Capacity Locking Control Notification for URS-Morong." This evaluation involved conducting tests in a remote location within an educational setting to assess the device’s performance, level of acceptability, and key variables designed to assist the University of Rizal System – Morong campus in managing waste effectively. The research addressed key questions regarding the device's performance in an academic setting. The researchers hypothesized that the device would operate efficiently and cohesively, maintaining a good standard of functionality and reliability suitable for the target location. The tests included iterations to determine the accuracy, average, and precision of the device using equations for average and population standard deviation. User feedback was also used to evaluate the device’s five key variables, with the weighted mean employed to analyze and interpret the survey responses. The research employed a developmental approach, involving continuous iterations of designing, testing, and revising the system in programming for monitoring and locking waste bins, aided by sensing and measuring devices as well as other electronic modules. Subjects included faculty staff, experts, and students, selected through purposive sampling. Data were collected through a survey based on the five key objectives, and responses were analyzed to determine the device's performance across the established criteria. Based on the findings, the researchers successfully devised the product with working components integrated in a unified manner according to the device's programming and intended objective. The system was tested in multiple iterations to understand its behavior and to develop filters addressing challenges in sensory readings, which resulted in improved accuracy and precision. Feedback from target users indicated that the device achieved a high level of acceptability in all key areas. It demonstrated high levels of functionality, efficiency, durability, maintainability, and reliability, suggesting that the device could perform its intended function effectively in an academic setting. Regarding durability, further improvements are recommended to enhance the device’s resilience. In conclusion, the "Dual-Powered Mobile Smart Bin System with Full Capacity Locking Control Notification for URS-Morong" successfully met its objectives. The device operates properly, is interconnected, and demonstrates functionality, efficiency, durability, maintainability, and reliability. However, the reliability aspect requires further adjustment to enhance usability in an educational setting. Based on these findings, it is recommended to further improve the device in terms of user reliability and overall performance. This includes adding advanced technologies that may benefit users, refining the device, and conducting additional tests to evaluate resilience under various environmental conditions. |
| 700 1# - ADDED ENTRY--PERSONAL NAME | |
| Personal name | Aldwin D. Lucenesio, |
| Relator term | author |
| 700 1# - ADDED ENTRY--PERSONAL NAME | |
| Personal name | Joric Justine F. Hernandez, |
| Relator term | author |
| 700 1# - ADDED ENTRY--PERSONAL NAME | |
| Personal name | Ian Christopher B. Habana, |
| Relator term | author |
| 700 1# - ADDED ENTRY--PERSONAL NAME | |
| Personal name | Erl-Ghil Norrie A. Cañute, |
| Relator term | author |
| 700 ## - ADDED ENTRY--PERSONAL NAME | |
| Personal name | MARLON A. BAUTISTA, |
| Relator term | Degree Supervisor |
| 856 ## - ELECTRONIC LOCATION AND ACCESS | |
| Materials specified | Online Request for Student Unpublished Works |
| Uniform Resource Identifier | <a href="https://forms.gle/7LqvGGkaDrUQqz429">https://forms.gle/7LqvGGkaDrUQqz429</a> |
| 942 ## - ADDED ENTRY ELEMENTS (KOHA) | |
| Source of classification or shelving scheme | Library of Congress Classification |
| Koha item type | Theses and dissertations |
| Withdrawn status | Source of classification or shelving scheme | Damaged status | Not for loan | Collection code | Home library | Current library | Date acquired | Total Checkouts | Barcode | Date last seen | Price effective from | Koha item type |
|---|---|---|---|---|---|---|---|---|---|---|---|---|
| Library of Congress Classification | Reference | Morong College Library | Morong College Library | 09/08/2025 | URSMOR-CL-7041 | 09/08/2025 | 09/08/2025 | Theses and dissertations |